000
00310 a2200157 4500
001
192847
020
_a
978-85-16-09354-9
040
_c
Magnum
100
_a
Jeffers. Oliver
240
1
0
_a
Presos
_l
por
245
1
0
_a
Presos
300
_a
30
362
0
_a
2014
697
_a
LITERATURA INFANTO
942
_c
BK
999
_c
192847
_d
192847